[Event "AUS-ch Minor"]
[Site "Cammeray"]
[Date "2010.01.09"]
[Round "7"]
[White "Hong, Jasper"]
[Black "Alvarez, Ramon"]
[Result "1-0"]
[WhiteElo "940"]
[BlackElo "1230"]
[PlyCount "23"]
[EventDate "2010.01.02"]
[EventType "swiss"]
[EventRounds "11"]
[EventCountry "AUS"]
[SourceTitle "EXT 2011"]
[Source "ChessBase"]
[SourceDate "2010.11.26"]
[SourceVersion "1"]
[SourceVersionDate "2010.11.26"]
[SourceQuality "1"]

1. e4 e5 2. Nf3 Nc6 3. Nc3 Nf6 4. Bb5 a6 5. Bxc6 dxc6 6. Nxe5 Qe7 7. d4 c5 8. 0-0 cxd4 9. Qxd4 Be6 10. Nd5 Rd8 11. Qa4+ c6 12. Nxe7 1-0

[Event "AUS-ch Minor"]
[Site "Cammeray"]
[Date "2010.01.08"]
[Round "6"]
[White "Alvarez, Ramon"]
[Black "Korbe, Heinrich"]
[Result "0-1"]
[WhiteElo "1230"]
[BlackElo "1558"]
[PlyCount "74"]
[EventDate "2010.01.02"]
[EventType "swiss"]
[EventRounds "11"]
[EventCountry "AUS"]
[SourceTitle "EXT 2011"]
[Source "ChessBase"]
[SourceDate "2010.11.26"]
[SourceVersion "1"]
[SourceVersionDate "2010.11.26"]
[SourceQuality "1"]

1. e4 c5 2. Nc3 e6 3. a3 Nc6 4. Bc4 a6 5. d3 d6 6. Nf3 Nf6 7. 0-0 Be7 8. h3 b5 9. Ba2 Bb7 10. Bf4 0-0 11. Re1 e5 12. Bh2 Nd4 13. Re3 Rc8 14. Ne2 Nxf3+ 15. Rxf3 d5 16. exd5 Bxd5 17. Bxd5 Qxd5 18. Nc3 Qe6 19. Qe2 Bd6 20. Re3 Nd7 21. f4 f6 22. Ne4 exf4 23. Rf3 f5 24. Nc3 Qxe2 25. Nxe2 g5 26. Nc3 Ne5 27. Rff1 Ng6 28. Rfe1 Rfe8 29. Nd5 Kf7 30. g3 Rxe1+ 31. Rxe1 fxg3 32. Bxg3 Bxg3 33. Rf1 f4 34. Nc3 Re8 35. Ne4 Kg7 36. Nxg5 Re2 37. Ne4 Rxc2 0-1

[Event "AUS-ch Minor"]
[Site "Cammeray"]
[Date "2010.01.02"]
[Round "1"]
[White "Alvarez, Ramon"]
[Black "Palmer, Paul"]
[Result "1-0"]
[WhiteElo "1230"]
[BlackElo "757"]
[PlyCount "97"]
[EventDate "2010.01.02"]
[EventType "swiss"]
[EventRounds "11"]
[EventCountry "AUS"]
[SourceTitle "EXT 2011"]
[Source "ChessBase"]
[SourceDate "2010.11.26"]
[SourceVersion "1"]
[SourceVersionDate "2010.11.26"]
[SourceQuality "1"]

1. e4 e6 2. Nc3 d5 3. exd5 exd5 4. d4 Nf6 5. Nf3 Bb4 6. Bd2 0-0 7. Be2 Re8 8. 0-0 c6 9. Re1 Nbd7 10. a3 Bd6 11. h3 c5 12. Bg5 Qb6 13. Na4 Qc6 14. dxc5 Bxc5 15. Nxc5 Nxc5 16. Nd4 Qb6 17. Bxf6 gxf6 18. b4 Ne4 19. Bf3 f5 20. Qd3 Bd7 21. Bxe4 fxe4 22. Qg3+ Kf8 23. c3 Re7 24. Re3 Rc8 25. a4 f5 26. a5 Qg6 27. Qxg6 hxg6 28. g3 Kf7 29. Rae1 Rg8 30. Kh2 Rh8 31. f3 f4 32. gxf4 Rxh3+ 33. Kg2 Kf6 34. f5 Reh7 35. Rg1 gxf5 36. Kf2 f4 37. Ree1 e3+ 38. Ke2 Rh2+ 39. Kd1 Rd2+ 40. Kc1 Rhh2 41. Rh1 Rhf2 42. Rh6+ Kg7 43. Reh1 Ra2 44. Rh7+ Kf6 45. R1h6+ Kg5 46. Rh5+ Kf6 47. R5h6+ Ke5 48. Re7+ Be6 49. Rexe6# 1-0